000 00667nam a2200205Ia 4500
003 GCL
008 140319s9999 xx 000 0 ara d
040 _aGCL /
_cGCL
082 0 4 _a327.12
_bل و
100 1 _aطلعت غنيم حسن
245 1 0 _aوكالة المخابرات الامريكية: وثائق سرية /
_cطلعت غنيم حسن
700 1 _aلجنة من الباحثين العرب (مترجم)
260 _a[S.N] :
_bمكتبة مدبولى ،
_c1993
300 _a240 ص
490 _a
650 0 4 _aالولايات المتحدة الامريكية
650 0 4 _aالمخابرات
650 0 4 _aس.اى. ايه
942 _2ddc
_cBK
999 _c29487
_d29487